000 00728nam a22002177a 4500
999 _c6074
_d6074
003 AR-CdUCM
008 190313b ||||| |||| 00| 0 spa d
040 _aMUNICIPALIDAD PROVINCIAL DEL CUSCO
_cBIBLIOTECA MUNICIPAL DEL CUSCO
082 _a869.56 /
_bB73
100 _aBonilla del Valle, Ernesto
_917684
245 _aJauja : estampas de folklore /
260 _aBuenos Aires :
_bImprenta López,
_c1946.
300 _a180 páginas ;
_bdibujos ;
_c20 cm.
500 _aDonación de la familia Nieto.
650 _aFolclore - Perú - Jauja
_917685
650 _aCostumbrismo - Junín
_917686
650 _aRelatos
_9195
700 _aMiró Quesada Sosa, Aurelio (Prólogo)
_917687
942 _2ddc
_cLIBROS
945 _alccs